000 00509nam a22001817a 4500
005 20260323115913.0
008 260323b |||||||| |||| 00| 0 eng d
037 _cDSWL
040 _aDSWL
_cDSWL
041 _heng
100 _aChandra Reddy, B R
_91137577
245 _aTribal revolts in colonial Aandhra
260 _aDelhi,
_bMeena Book Publication,
_c2015
300 _a429p
365 _aINR
_b1295
942 _2CC
_cTEXL
_n0
999 _c1726379
_d1726379